Statistics for Twenty One Pilots (fill in the blank)

Click here to take the quiz!

General Stats

  • This quiz has been taken 2,144 times
  • The average score is 11 of 15

Answer Stats

HintAnswer% Correct
My taste in music is your _!face
94%
I'll put you on the _, I'll cure you of diseasemap
91%
I wish I had a better voice to sing some better _words
88%
I'm a goner, somebody___catch my breath
87%
I'll stay awake, 'cause the _'s not taking prisoners tonightdark
85%
Fight it! Take the pain __ignite it
81%
I can't see past my own _nose
81%
I know what you think in the morning, when the sun shines on the _ground
80%
Let me paint you a mental picture_portrait
77%
I'm semi-automatic, my _ are schitzophrenicprayers
75%
Are you searching for a _? Then write something, yeah it might be worthlesspurpose
70%
Won't you stay alive, I'll take you for a ride. I will make you____believe you are lovely
68%
I heard the _ from his secret hideawayecho
64%
A_ hides behind a mask of my disguiseloser
50%
I'm in constant confrontation with _______what I want and what is popping
49%

Score Distribution

Percentile by Number Answered

Percent of People with Each Score

Your Score History

You have not taken this quiz